000 00765nam a22002417a 4500
003 OSt
005 20260530115315.0
008 260505b2003 sp a|||| |||| 00| 0 sp d
020 _a3823855751
040 _aICI
_bspa
_cICI
041 _aspa/fre/eng
050 _aNK2715
_bF87 2003
100 1 _aAscencio, Paco ;
_eeditor
_933535
245 1 0 _aFurniture design = Möbeldesign = Design de meubles = Muebles de diseño
260 _b
264 1 _aAlemania:
_bTeNeues Publishing Group /
_c2003
300 _a400 páginas :
_bilustraciones
500 _aTexto multilingüe
500 _aObra ilustrada sobre diseño de mobiliario contemporáneo internacional
650 4 _aFurniture design
_933536
650 4 _aMuebles
_xDiseño
_913223
942 _2lcc
_cBK
_n1
999 _c13558
_d13558